=LDR 00000nam 2200000 4500 =001 INLIS000000000010133 =005 20130612101843 =008 ***********************************Ind** =035 ##$$0010-061300000010133 =041 ##$$a Ind =082 ##$$a 2x0.4 =090 ##$$a 2x0.4, Ghi r =100 ##$$a Al-Ghifari, Abu =245 ##$$a Romantika remaja, kisah-kisah tragis dan solusinya dalam islam, Abu Al-Ghazali =260 ##$$a 2003 $b Bandung =300 ##$$a 192 hlm, 21 cm =650 ##$$a Islam-masalah remaja =850 ##$$a NBPNMAT